| 000 | 00786nam a2200205 a 4500 | ||
|---|---|---|---|
| 008 | 111207s1991 ||||||||||||||||| || u | ||
| 020 | _a0962474576 | ||
| 050 | _aQH 431 Jar | ||
| 100 | _aJaroff, Leon | ||
| 245 | 1 | 4 |
_aThe new geneticts _cby Leon Jaroff |
| 260 |
_aKnoxville, Tenn. _bWhittle direct books _c1991 |
||
| 300 | _a73p.: ill. | ||
| 350 | _a0.00 | ||
| 500 | _aCover title: The new geneticts: the human genome project and its impact on the practice of medicine | ||
| 650 | 0 | _aMEDICAL GENETICS | |
| 650 | _aHUMAN GENETICS | ||
| 650 | _aHUMAN GENOME PROJECT | ||
| 650 | 0 | _aGENETICS | |
| 995 |
_aMEDICAL LIBRARY OPEN ACCESS _D0.00 _e901423 _FCBU-SCHOOL OF MEDICINE LIBRARY (Ndola) _H1 _I0.00 _jQH 431 Jar _M1 _UAVAILABLE _WDec 7, 2011 _y901423 _ZMedical Library Open Access Collection |
||
| 999 |
_c32175 _d32175 |
||